000 01138nab a2200229 i 4500
001 170513
003 ES-MaACL
005 20250818054851.0
008 090311s1905 sp 000 p spa d
080 _a821.134.2 Cervantes Saavedra, Miguel de 7 Quijote.07
100 1 _aIcaza, Francisco A. de,
_d1863-1925
_965035
245 1 0 _aDon Quijote :
_b[poesía] /
_cpor Francisco A. de Icaza.
600 1 4 _aCervantes Saavedra, Miguel de,
_d1547-1616.
_tDon Quijote de la Mancha-
_vAniversarios y centenarios
_937614
610 2 4 _aAteneo de Madrid-
_vConferencias-
_y1900-1939
_91907
610 2 4 _aAteneo de Madrid-
_vObras digitalizadas.
_91930
650 7 _aDon Quijote (Personaje de ficción)-
_vPoesías
_2
_9149573
773 0 _tEl Ateneo de Madrid en el III Centenario de la publicación de El ingenioso hidalgo Don Quijote de la Mancha : conferencias,
_dMadrid, 1905 (Imp. de Bernardo Rodríguez),
_gp. 449-452
_069185
_971761
_w69185
856 4 _uhttp://www.ateneodemadrid.net/biblioteca_digital/folletos/Folletos-0158.pdf
_zVer documento
942 _cANAM
_2udc
999 _c170513
_d170513